| 000 | 01018nam a2200265 i 4500 | ||
|---|---|---|---|
| 001 | 177477 | ||
| 003 | ES-MaACL | ||
| 005 | 20250910063130.0 | ||
| 008 | 110328s1966 sp |||| | spa d | ||
| 080 | _a530.12 | ||
| 100 | 1 |
_aPalacios, Julio, _d1891-1970 _988408 |
|
| 245 | 1 | 3 |
_aLa axiomática relativista / _cJulio Palacios. |
| 260 |
_aMadrid : _bAteneo : _bEditora Nacional, _c1966. |
||
| 300 |
_a26 p. ; _c20 cm. |
||
| 490 | 1 |
_aColección Ateneo ; _v32 |
|
| 594 | _aConferencia pronunciada en el Ateneo de Madrid el día 3 de noviembre de 1965. | ||
| 598 | _aEn verso de anteport.: Esta colección la publica Editora Nacional. | ||
| 610 | 2 | 4 |
_aAteneo de Madrid- _vConferencias- _y1940-1982. _91908 |
| 650 | 0 | 4 |
_aRelatividad (Física) _916793 |
| 710 | 2 |
_aAteneo de Madrid. _91875 |
|
| 830 | 0 |
_aColección Ateneo ; _v32 _9180032 |
|
| 852 |
_aES-MaACL _j2294-F-13 _xOlim P-512-bis |
||
| 852 |
_aES-MaACL _jP-211-Ter-3-7 _z.- En lomo: 23-34 |
||
| 999 |
_c177477 _d177477 |
||